It Chapter Two Quiz - Statistics

General Stats
  • This quiz has been taken 466 times
  • The average score is 12 of 19
Answer Stats
Character Actor % Correct
Pennywise the Dancing Clown Bill Skarsgård
87%
Young Richie Tozier Finn Wolfhard
87%
Adult Richie Tozier Bill Hader
80%
Young Eddie Kaspbrak Jack Dylan Grazer
77%
Young Beverly Marsh Sophia Lillis
76%
Young Stanley Uris Wyatt Oleff
70%
Young Mike Hanlon Chosen Jacobs
69%
Adult Beverly Marsh Jessica Chastain
68%
Adult Bill Denbrough James McAvoy
67%
Young Bill Denbrough Jaeden Martell
65%
Young Ben Hanscom Jeremy Ray Taylor
61%
Adult Stanley Uris Andy Bean
59%
Pawn Shop Owner Stephen King
56%
Adult Eddie Kaspbrak James Ransone
54%
Adult Ben Hanscom Jay Ryan
49%
Adult Mike Hanlon Isaiah Mustafa
47%
Young Henry Bowers Nicholas Hamilton
44%
Adult Henry Bowers Teach Grant
31%
Eddie's Mom / Myra Molly Atkinson
22%
No matching quizzes found
Score Distribution
Percent of People with Each Score
Percentile by Number Answered
Your Score History
You have not taken this quiz